Traité pratique des maladies des voies urinaires et des organes générateurs de l'homme / (Record no. 156471)

MARC details
000 -LEADER
campo de control de longitud fija 00907nam a22001935i 4500
001 - NÚMERO DE CONTROL
campo de control 156471
003 - IDENTIFICADOR DE NÚMERO DE CONTROL
campo de control ES-MaACL
005 - FECHA Y HORA DE LA ÚLTIMA TRANSACCIÓN
campo de control 20230906210421.0
008 - DATOS DE LONGITUD FIJA--INFORMACIÓN GENERAL
campo de control de longitud fija 040805s1884 fr a |||| | fre d
040 ## - FUENTE DE CATALOGACIÓN
Centro catalogador/agencia de origen CAM
Lengua de catalogación spa
Centro/agencia transcriptor CAM
100 1# - ENTRADA PRINCIPAL--NOMBRE DE PERSONA
Nombre de persona Jozan de Saint-André, Émile.
9 (RLIN) 128379
245 10 - MENCIÓN DEL TÍTULO
Título Traité pratique des maladies des voies urinaires et des organes générateurs de l'homme /
Mención de responsabilidad, etc. par Em. Jozan père et Georges Jozan.
250 ## - MENCION DE EDICION
Mención de edición 21e éd.
Resto de la mención de edición ent. ref. et aug., ill. de 355 figures d'anatomie et de 16 planches chromo-lithographiques contenant 29 figures.
260 ## - PUBLICACIÓN, DISTRIBUCIÓN, ETC.
Lugar de publicación, distribución, etc. Paris :
Nombre del editor, distribuidor, etc. les auteurs: Em. Jozan et Georges Jozan :
-- Marpon & Flammarion,
Fecha de publicación, distribución, etc. 1884 (
Fabricante typographie Paul Schmidt)
300 ## - DESCRIPCIÓN FÍSICA
Extensión XVI, 898 p. :
Otras características físicas il. ;
Dimensiones 18 cm.
650 #4 - PUNTO DE ACCESO ADICIONAL DE MATERIA--TÉRMINO DE MATERIA
Término de materia o nombre geográfico como elemento de entrada Aparato génito urinario-
Subdivisión general Enfermedades.
9 (RLIN) 135583
700 11 - ENTRADA AGREGADA--NOMBRE PERSONAL
Nombre de persona Jozan, George.
9 (RLIN) 128380
852 ## - LOCALIZACIÓN
Ubicación ES-MaACL
Número de control de estantería D-2155
Nota libre -- Enc. hol.
-- -- Legado M. de La Fuente
Holdings
Estatus retirado Estado de pérdida Estado de daño No para préstamo Colección Biblioteca de origen Biblioteca actual Ubicación en estantería Fecha de adquisición Fuente de adquisición Total de préstamos Signatura topográfica completa Código de barras Visto por última vez Precio de reemplazo Tipo de ítem Koha
        Libros del s. XIX Biblioteca del Ateneo de Madrid Biblioteca del Ateneo de Madrid Sala Valle Inclán 17/01/2008     D-2155 901163703 23/02/2023 23/02/2023 Libro impreso antiguo